1924 1267 1123 1894 1464 1517 1985 1713 1524 1677 1907 1734 1727 1495 1003 1807 1974 1850 1201 1208 1555 1209 1427 1430 1266 1033 1538 1964 1637 1482 1746 1568 1362 1817 1161 1228 1750 1256 1359 1127 1794 1799 1930 1596 1221 1207 1366 1686 1193 1290 1527 1070 1956 1453 1012 1941 1743 1137 1502 1238 1811 1689 1221 1904 1877 1769 1713 1681 1164 1984 1716 1983 1664 1130 1853 1889 1815 1839 1953 1451 1936 1233 1057 1317 1048 1398 1224 1223 1501 1053 1722 1015 1520 1573 1596 1301 1243 1180 1449 BCNSPRNW ULIB Ver.6.0+V

เปลี่ยนเป็นภาษาไทย

Change to English
 แสดงรายละเอียดบรรณานุกรม
  กลับหน้าหลัก

Brief Record : Get Marc (ISO 2709) : E-mail record : QR code < ปิดหน้าต่าง
LEADER : 00000nam 2200000uu 4500
001    13399127733
003     ULIB
008    210513s2556||||th 000 0 tha d
020    ู^a9786162990168
050    ^aนว^bช799จ^cล.3
100    ^aโชอู
245    ^aจอมกระบี่เทพสังหาร เล่ม 3
250    ^aพิมพ์ครั้งที่ 1
260    ^aกรุงเทพฯ :^bสยามอินเตอร์บุ๊คส์,^c2556
300    ^a216 หน้า;^b21 ซม.
650    ^aนวนิยาย
945    ^p220^l0^i008044
999    ^aประนอม เกษจรัล
รายการนี้ยังไม่มีแท็ก
คุณยังไม่ได้ล็อกอิน คุณสามารถมีกิจกรรมร่วมกับเว็บไซต์ได้ แต่ต้องล็อกอินก่อน ::
  ล็อกอิน

รายการสื่อสารสนเทศ

ลำดับที่ ประเภท เลขเรียก/บาร์โค้ด สถานที่ สถานะ
1. นวนิยาย
นวนิยาย
นว ช799จ ล.3 ฉ.1 
  Barcode: 008044
ห้องสมุดวิทยาเขตสวรรค์ประชารักษ์
►หนังสือทั่วไป
บนชั้น

รายการใกล้เคียง
    ผู้แต่ง [โชอู]

    หัวเรื่อง [นวนิยาย]

BibComment


ยังไม่เคยถูกคอมเมนท์

คอมเมนท์ทรัพยากรรายการนี้
  คอมเมนท์: จอมกระบี่เทพสังห..


 Copyright 2026. Bcnsprnw @Library